00774nam a2200241 a 4500001001300000003000900013005001700022008004100039020002300080082002100103100002100124245005300145260004200198300000900240500003500249505004000284650001800324700002100342902000800363942000700371952013700378999001700515nice12345678IN_TiNIC20260116014657.0090811s2008 dela grp 000 0 eng  a0195695313 c49500a305.6297054bMUS aMushirul Hasan,  aImages of India`s Muslimsb Moderate or Militant aDelhi bOxford and IBH PUB CO. c2008 a252p aincludes index and biblioraphy2 aglossary, chronology, biblio, index aMuslims-India1 aMushirul Hasan,  bSRS cBK 001040708StackRoom-aHMIbHMId2009-09-10g495.00l2m3o305.6297054 MUSp022881r2020-09-11s2020-09-11v495.00w2009-08-11yBK c16435d16435